Восточная Европа: межгосударственные и этносоциальные отношения в XXI в. (Запись № 11093403)

Подробности
000 -МАРКЕР
контрольное поле 02137nam0a2200337 i 4500
001 - ИДЕНТИФИКАТОР ЗАПИСИ
контрольное поле RU\NLR\BIBL_A\011323547
005 - ИДЕНТИФИКАТОР ВЕРСИИ
контрольное поле 20260408211307.0
010 ## - МЕЖДУНАРОДНЫЙ СТАНДАРТНЫЙ НОМЕР КНИГИ (ISBN)
Номер (ISBN) 9785248008056
Тираж 300
021 ## - НОМЕР ГОСУДАРСТВЕННОЙ РЕГИСТРАЦИИ
Код страны Российская Федерация
Номер 2017-635
Номер Листа государственной регистраци 48
035 ## - ДРУГИЕ СИСТЕМНЫЕ НОМЕРА
Идентификатор записи (NLR Aleph) 011323547
100 ## - ДАННЫЕ ОБЩЕЙ ОБРАБОТКИ
Данные общей обработки 20170209d2016 km y0rusy50 ca
101 0# - ЯЗЫК РЕСУРСА
Язык текста, звукозаписи и т.д. русский
Язык резюме английский
Язык оглавления русский
-- английский
102 ## - СТРАНА ПУБЛИКАЦИИ ИЛИ ПРОИЗВОДСТВА
Страна публикации Российская Федерация
105 ## - ПОЛЕ КОДИРОВАННЫХ ДАННЫХ: ТЕКСТОВЫЕ МАТЕРИАЛЫ, МОНОГРАФИЧЕСКИЕ
Кодированные данные о монографическом текстовом документе y|||z|||000zy
200 1# - ЗАГЛАВИЕ И СВЕДЕНИЯ ОБ ОТВЕТСТВЕННОСТИ
Основное заглавие Восточная Европа: межгосударственные и этносоциальные отношения в XXI в.
Сведения, относящиеся к заглавию сборник научных трудов
Первые сведения об ответственности Росссийская акаднмия наук, Институт научной информации по общественным наукам, [Центр научно-информационных исследований глобальных и региональных проблем, Отдел Восточной Европы
Последующие сведения об ответственности редколлегия: Ю.И. Игрицкий канд. ист. наук (отв. ред.) и др.]
210 ## - ПУБЛИКАЦИЯ, РАСПРОСТРАНЕНИЕ И ДР.
Место издания, распространения и т.д. Москва
Имя издателя, распространителя и т. д. Институт научной информации по общественным наукам
Дата издания, распространения и т.д. 2016
215 ## - ФИЗИЧЕСКАЯ ХАРАКТЕРИСТИКА
Специфическое обозначение материала и объем 167 с.
Размеры 21
225 1# - СЕРИЯ
Основное заглавие серии Серия "Проблемы общественной трансформации в странах Восточной Европы и России"
300 ## - ОБЩИЕ ПРИМЕЧАНИЯ
Текст примечания Загл. обл.: Востоточная Европа
320 ## - ПРИМЕЧАНИЯ О НАЛИЧИИ В ДОКУМЕНТЕ БИБЛИОГРАФИИ / УКАЗАТЕЛЯ
Текст примечания Библиогр. в конце ст.
512 1# - ЗАГЛАВИЕ ОБЛОЖКИ
Заглавие обложки Востоточная Европа
607 ## - ГЕОГРАФИЧЕСКОЕ НАИМЕНОВАНИЕ КАК ПРЕДМЕТ
Географическое наименование Восточноевропейские страны
Формальный подзаголовок Сборники
Тематический подзаголовок Политика и управление
Хронологический подзаголовок нач. 21 в.
Системный номер авторитетной/нормативной записи 2318000
Идентификатор авторитетной/нормативной записи RU\NLR\AUTH\6601612028
686 1# - ИНДЕКСЫ ДРУГИХ КЛАССИФИКАЦИЙ
Индекс Т3(45)7-3я43
702 #1 - ИМЯ ЛИЦА - ВТОРИЧНАЯ ОТВЕТСТВЕННОСТЬ
Код отношения Главный редактор, Литературный редактор, Редактор серии
Графика поля Кириллица
Материалы, к которым относится поле rus
Начальный элемент ввода Игрицкий
Часть имени, кроме начального элемента ввода Ю. И.
Даты 1934-
Расширение инициалов личного имени Юрий Иванович
Системный номер авторитетной/нормативной записи 153560
Идентификатор авторитетной/нормативной записи RU\NLR\AUTH\770153598
712 02 - НАИМЕНОВАНИЕ ОРГАНИЗАЦИИ - ВТОРИЧНАЯ ОТВЕТСТВЕННОСТЬ
Код отношения Прочие
Начальный элемент ввода Институт научной информации по общественным наукам
Идентифицирующий признак Москва
Системный номер авторитетной/нормативной записи 272425
Идентификатор авторитетной/нормативной записи RU\NLR\AUTH\88992
942 ## - ДОПОЛНИТЕЛЬНЫЕ ЭЛЕМЕНТЫ ЗАПИСИ (АБИС)
Тип экземпляра АБИС Книга
980 ## - КОЛЛЕКЦИЯ
Название коллекции НБР

Нет доступных экземпляров.